[Event "DEN-ch (Women)"]
[Site "Copenhagen"]
[Date "2022.09.09"]
[Round "1"]
[White "Fredericia, Louise Winther"]
[Black "Nilssen, Ellen Fredericia"]
[Result "1-0"]
[WhiteElo "1972"]
[BlackElo "2159"]
[PlyCount "77"]
[EventDate "2022.09.09"]
[EventType "tourn"]
[EventRounds "5"]
[EventCountry "DEN"]
[SourceTitle "EXT 2024"]
[Source "ChessBase"]
[SourceDate "2023.10.10"]
[SourceVersion "1"]
[SourceVersionDate "2023.10.10"]
[SourceQuality "1"]

1. d4 Nf6 2. Nf3 g6 3. Nbd2 d5 4. e3 Bg7 5. b3 c5 6. Bb2 cxd4 7. exd4 Nc6 8. a3 Bf5 9. Ne5 Nxe5 10. dxe5 Nd7 11. g4 Be6 12. f4 f6 13. Nf3 fxe5 14. fxe5 Bxg4 15. Qxd5 e6 16. Qe4 Bxf3 17. Qxf3 Qh4+ 18. Kd1 0-0-0 19. Qg3 Qe4 20. Bg2 Nc5+ 21. Kc1 Nxb3+ 22. Kb1 Nd2+ 23. Kc1 Qc4 24. Qe3 Bh6 25. Qxh6 Nb3+ 26. Kb1 Rd2 27. Rc1 Kb8 28. Qg7 Nc5 29. Qxh8+ Kc7 30. Qxh7+ Kb6 31. Qxg6 Rf2 32. h4 Na4 33. Ra2 Ka5 34. h5 Qb5 35. Ka1 Qe2 36. Bxb7 Rf1 37. Qxe6 Qb5 38. Qd5 Nc5 39. Bc6 1-0

[Event "Olympiad Women-44"]
[Site "Chennai"]
[Date "2022.08.06"]
[Round "8.4"]
[White "Thurner, Anya"]
[Black "Fredericia, Louise Winther"]
[Result "1-0"]
[WhiteElo "1619"]
[BlackElo "1990"]
[PlyCount "109"]
[EventDate "2022.07.29"]
[EventType "team-swiss"]
[EventRounds "11"]
[EventCountry "IND"]
[SourceTitle "CBM 210"]
[Source "ChessBase"]
[SourceDate "2022.10.31"]
[SourceVersion "1"]
[SourceVersionDate "2022.10.31"]
[SourceQuality "1"]
[WhiteTeam "New Zealand (W)"]
[BlackTeam "Denmark (W)"]
[WhiteTeamCountry "NZL"]
[BlackTeamCountry "DEN"]

1. e4 c5 2. b3 e6 3. Bb2 Nc6 4. f4 d5 5. exd5 exd5 6. Bb5 Nge7 7. Nf3 a6 8. Bxc6+ Nxc6 9. 0-0 d4 10. c3 Be7 11. Na3 0-0 12. Qe1 b5 13. cxd4 Nxd4 14. Nxd4 cxd4 15. Nc2 Bb7 16. Bxd4 Rc8 17. Qg3 g6 18. Bc3 b4 19. Nxb4 Bxb4 20. f5 Bxc3 21. dxc3 Qd2 22. c4 Rfe8 23. fxg6 hxg6 24. Rad1 Qb4 25. Rd7 Re7 26. Rd6 Qc5+ 27. Kh1 Be4 28. Rfd1 Rce8 29. Rxa6 Bb7 30. Rf6 Qh5 31. Rdf1 Re2 32. R6f2 Qe5 33. Qxe5 R8xe5 34. h3 f5 35. Kh2 g5 36. Kg1 f4 37. Rxe2 Rxe2 38. Rf2 Re4 39. Rd2 Kf7 40. Rd7+ Re7 41. Rxe7+ Kxe7 42. Kf2 Kd6 43. g3 Kc5 44. gxf4 gxf4 45. h4 Kb4 46. h5 Be4 47. h6 Kc5 48. a3 Kd6 49. b4 Ke7 50. c5 Kf6 51. b5 Kg6 52. c6 Kxh6 53. c7 Bb7 54. a4 Kg7 55. a5 1-0

[Event "Olympiad Women-44"]
[Site "Chennai"]
[Date "2022.07.29"]
[Round "1.4"]
[White "Fredericia, Louise Winther"]
[Black "Aponte, Samantha"]
[Result "1-0"]
[WhiteElo "1990"]
[BlackElo "1087"]
[PlyCount "59"]
[EventDate "2022.07.29"]
[EventType "team-swiss"]
[EventRounds "11"]
[EventCountry "IND"]
[SourceTitle "CBM 210"]
[Source "ChessBase"]
[SourceDate "2022.10.31"]
[SourceVersion "1"]
[SourceVersionDate "2022.10.31"]
[SourceQuality "1"]
[WhiteTeam "Denmark (W)"]
[BlackTeam "Aruba (W)"]
[WhiteTeamCountry "DEN"]
[BlackTeamCountry "ARN"]

1. e4 e5 2. Nc3 Nc6 3. g3 Nf6 4. Bg2 Bc5 5. Nge2 d6 6. h3 Be6 7. 0-0 Qd7 8. Kh2 0-0-0 9. Na4 Bb6 10. Nxb6+ axb6 11. f4 Qe7 12. d3 Kb8 13. f5 Bc8 14. g4 Rdf8 15. Ng3 Nd7 16. c3 f6 17. b4 b5 18. a4 Nb6 19. axb5 Na7 20. c4 Bd7 21. Be3 Nbc8 22. Bxa7+ Nxa7 23. Qa4 Kc8 24. Qxa7 Kd8 25. Qxb7 Bc8 26. Ra8 Qd7 27. Rfa1 Ke7 28. Qd5 Qd8 29. b6 Qd7 30. R1a7 1-0

[Event "DEN-ch Kort2 Gr-1"]
[Site "Svendborg"]
[Date "2022.04.16"]
[Round "5"]
[White "Motzkus, Mikkel"]
[Black "Fredericia, Louise Winther"]
[Result "1-0"]
[WhiteElo "1974"]
[BlackElo "1995"]
[PlyCount "103"]
[EventDate "2022.04.14"]
[EventType "swiss"]
[EventRounds "5"]
[EventCountry "DEN"]
[SourceTitle "EXT 2024"]
[Source "ChessBase"]
[SourceDate "2023.10.10"]
[SourceVersion "1"]
[SourceVersionDate "2023.10.10"]
[SourceQuality "1"]

1. d4 e6 2. c4 f5 3. Nc3 Nf6 4. Bg5 Be7 5. Nf3 0-0 6. e3 b6 7. g3 Bb7 8. Bg2 Ne4 9. Bxe7 Qxe7 10. Nxe4 Bxe4 11. 0-0 d6 12. b4 Nd7 13. Rc1 Nf6 14. Nd2 Bxg2 15. Kxg2 e5 16. Qc2 Nh5 17. dxe5 dxe5 18. c5 b5 19. f4 a5 20. a3 axb4 21. axb4 Ra4 22. Qb3+ Kh8 23. Nf3 exf4 24. exf4 Qe4 25. Rfe1 Qxb4 26. Qf7 Nxf4+ 27. gxf4 Qb2+ 28. Kh1 Rg8 29. Ng5 Qf6 30. Qxg8+ Kxg8 31. Re8+ Qf8 32. Rxf8+ Kxf8 33. Ne6+ Ke7 34. Nxc7 Kd7 35. Nd5 Kc6 36. Ne7+ Kc7 37. c6 Rc4 38. Rd1 b4 39. Rd7+ Kb8 40. Rb7+ Ka8 41. Rxb4 Rxb4 42. c7 Rc4 43. c8Q+ Rxc8 44. Nxc8 Kb8 45. Ne7 g6 46. Kg2 Kc7 47. Kg3 Kd6 48. Ng8 Ke6 49. Kh4 Kf7 50. Nh6+ Ke7 51. Kg5 Ke6 52. h4 1-0

[Event "DEN-ch Kort2 Gr-1"]
[Site "Svendborg"]
[Date "2022.04.15"]
[Round "3"]
[White "Nielsen, Henning"]
[Black "Fredericia, Louise Winther"]
[Result "1-0"]
[WhiteElo "2076"]
[BlackElo "1995"]
[PlyCount "121"]
[EventDate "2022.04.14"]
[EventType "swiss"]
[EventRounds "5"]
[EventCountry "DEN"]
[SourceTitle "EXT 2024"]
[Source "ChessBase"]
[SourceDate "2023.10.10"]
[SourceVersion "1"]
[SourceVersionDate "2023.10.10"]
[SourceQuality "1"]

1. e4 c5 2. Nf3 Nc6 3. d4 cxd4 4. Nxd4 g6 5. c4 Bg7 6. Be3 Nf6 7. Nc3 0-0 8. Be2 d6 9. 0-0 Bd7 10. Rc1 Nxd4 11. Bxd4 Bc6 12. f3 a5 13. b3 Nd7 14. Be3 Nc5 15. Qd2 e6 16. Rfd1 Be5 17. Bf4 Qe7 18. Bxe5 dxe5 19. Qd6 Qxd6 20. Rxd6 Rfd8 21. Rcd1 Rxd6 22. Rxd6 Kf8 23. Bd1 Ke7 24. Rd2 h5 25. a3 Na6 26. Kf2 h4 27. Ke3 Rb8 28. Be2 Ra8 29. Rb2 Nc5 30. b4 axb4 31. axb4 Ra3 32. Kd2 Nb3+ 33. Ke1 Nd4 34. Nb1 Ra1 35. b5 Bd7 36. Bd1 h3 37. g3 Kd6 38. Kd2 Kc5 39. Kc3 f5 40. Kd3 g5 41. g4 f4 42. Nc3 Kd6 43. Ra2 Rxa2 44. Nxa2 Kc5 45. Kc3 Be8 46. Nc1 b6 47. Nd3+ Kd6 48. Nf2 Ke7 49. Nxh3 Kf6 50. Nf2 Ke7 51. Kb4 Kf6 52. Nd3 Bd7 53. Ne1 Ke7 54. Bc2 Kd6 55. Bd1 Be8 56. Ng2 Bg6 57. h4 Bxe4 58. fxe4 f3 59. Bxf3 Nxf3 60. h5 Ke7 61. c5 1-0

[Event "Obro-Denmark (Women)"]
[Site "Copenhagen"]
[Date "2020.06.27"]
[Round "6.3"]
[White "Fredericia, Louise Winther"]
[Black "Ertbjerg, Andreas Lund"]
[Result "1/2-1/2"]
[WhiteElo "2005"]
[BlackElo "2046"]
[PlyCount "94"]
[EventDate "2020.06.22"]
[EventType "schev"]
[EventRounds "8"]
[EventCountry "DEN"]
[SourceTitle "EXT 2021"]
[Source "ChessBase"]
[SourceDate "2020.10.23"]
[SourceVersion "1"]
[SourceVersionDate "2020.10.23"]
[SourceQuality "1"]
[WhiteTeam "Denmark (W)"]
[BlackTeam "Obro"]
[WhiteTeamCountry "DEN"]
[BlackTeamCountry "DEN"]

1. c4 Nf6 2. Nc3 g6 3. e4 d6 4. g3 Bg7 5. Bg2 0-0 6. Nge2 c5 7. 0-0 Nc6 8. d3 Bd7 9. Rb1 Rb8 10. a3 a6 11. b4 cxb4 12. axb4 b5 13. cxb5 axb5 14. h3 Ne8 15. Be3 Qc8 16. Nd5 e6 17. Ndf4 Nc7 18. Qd2 e5 19. Nd5 Nxd5 20. exd5 Ne7 21. Rfc1 Qb7 22. d4 Nf5 23. dxe5 Nxe3 24. Qxe3 Bxe5 25. Nd4 Rfe8 26. Nc6 Bg7 27. Qf4 Be5 28. Nxe5 Rxe5 29. Rb3 Rbe8 30. Rbc3 Qb6 31. g4 Re1+ 32. Rxe1 Rxe1+ 33. Kh2 Re2 34. Kg3 Kg7 35. h4 Re5 36. Rf3 f5 37. h5 Re4 38. h6+ Kg8 39. Qd2 Rxg4+ 40. Kh2 Qd4 41. Qc1 Qe5+ 42. Rg3 f4 43. Rxg4 Bxg4 44. f3 Bd7 45. Qc7 Qe7 46. Bh3 Qe2+ 47. Bg2 Qe7 1/2-1/2

[Event "Olympiad Women-43"]
[Site "Batumi"]
[Date "2018.10.01"]
[Round "7.26"]
[White "Fredericia, Louise Winther"]
[Black "Ferkova, Dominika"]
[Result "0-1"]
[WhiteElo "2060"]
[BlackElo "2060"]
[PlyCount "70"]
[EventDate "2018.09.24"]
[EventType "team-swiss"]
[EventRounds "11"]
[EventCountry "GEO"]
[SourceTitle "EXT 2020"]
[Source "ChessBase"]
[SourceDate "2019.10.17"]
[SourceVersion "1"]
[SourceVersionDate "2019.10.17"]
[SourceQuality "1"]
[WhiteTeam "Denmark (W)"]
[BlackTeam "Slovakia (W)"]
[WhiteTeamCountry "DEN"]
[BlackTeamCountry "SVK"]

1. e4 c6 2. d4 d5 3. e5 Bf5 4. h4 h5 5. Bd3 Bxd3 6. Qxd3 e6 7. Bg5 Qb6 8. Nd2 Be7 9. Ngf3 Nd7 10. 0-0 Bxg5 11. Nxg5 Ne7 12. c4 Nf5 13. Ndf3 0-0 14. c5 Qd8 15. g4 hxg4 16. Nh2 g6 17. Nxg4 Kg7 18. Ne3 Nxh4 19. f4 Rh8 20. Kf2 Qe7 21. Rg1 f6 22. Nf3 fxe5 23. Nxe5 Nxe5 24. dxe5 Raf8 25. Rg4 Nf5 26. Rag1 Rh6 27. b4 Qf7 28. Nxf5+ Qxf5 29. Qxf5 Rxf5 30. R1g3 Rfh5 31. Kg2 Rh2+ 32. Kg1 Rxa2 33. Rg5 Kf7 34. f5 exf5 35. e6+ Kf6 0-1

[Event "Bronshoj SenSommer"]
[Site "Copenhagen"]
[Date "2018.08.16"]
[Round "1"]
[White "Tandrup, Michael"]
[Black "Fredericia, Louise Winther"]
[Result "1/2-1/2"]
[WhiteElo "2018"]
[BlackElo "2060"]
[PlyCount "21"]
[EventDate "2018.08.16"]
[EventType "tourn"]
[EventRounds "7"]
[EventCountry "DEN"]
[SourceTitle "EXT 2020"]
[Source "ChessBase"]
[SourceDate "2019.10.17"]
[SourceVersion "1"]
[SourceVersionDate "2019.10.17"]
[SourceQuality "1"]

1. d4 f5 2. Nc3 d5 3. Nf3 Nf6 4. Bg5 e6 5. e3 Be7 6. Bd3 0-0 7. 0-0 c5 8. b3 Nc6 9. Ne2 a6 10. c4 dxc4 11. Bxc4 1/2-1/2

[Event "Aarhus Chess House Summer IM"]
[Site "Aarhus"]
[Date "2018.07.07"]
[Round "9"]
[White "Fries Nielsen, Jens Ove"]
[Black "Fredericia, Louise Winther"]
[Result "1-0"]
[WhiteElo "2363"]
[BlackElo "2098"]
[PlyCount "51"]
[EventDate "2018.07.01"]
[EventType "tourn"]
[EventRounds "9"]
[EventCountry "DEN"]
[EventCategory "1"]
[SourceTitle "EXT 2020"]
[Source "ChessBase"]
[SourceDate "2019.10.17"]
[SourceVersion "1"]
[SourceVersionDate "2019.10.17"]
[SourceQuality "1"]

1. d3 c5 2. f4 Nc6 3. Nf3 g6 4. c3 Bg7 5. e4 d6 6. Be2 Nf6 7. Qc2 Rb8 8. 0-0 0-0 9. Kh1 b5 10. a3 a5 11. a4 b4 12. Nbd2 bxc3 13. bxc3 Ba6 14. Ng5 Qc7 15. f5 d5 16. fxg6 hxg6 17. exd5 Nxd5 18. Nde4 Qe5 19. d4 cxd4 20. Bxa6 f5 21. Nc5 Qd6 22. Nce6 dxc3 23. Bc4 Ncb4 24. Qf2 Rfc8 25. Qh4 Nf6 26. Nc7+ 1-0

[Event "Aarhus Chess House Summer IM"]
[Site "Aarhus"]
[Date "2018.07.06"]
[Round "8"]
[White "Fredericia, Louise Winther"]
[Black "Guindy, Esmat Susanne"]
[Result "0-1"]
[WhiteElo "2098"]
[BlackElo "2146"]
[PlyCount "44"]
[EventDate "2018.07.01"]
[EventType "tourn"]
[EventRounds "9"]
[EventCountry "DEN"]
[EventCategory "1"]
[SourceTitle "EXT 2020"]
[Source "ChessBase"]
[SourceDate "2019.10.17"]
[SourceVersion "1"]
[SourceVersionDate "2019.10.17"]
[SourceQuality "1"]

1. f4 d5 2. Nf3 c5 3. e3 Nf6 4. Be2 Nc6 5. Ne5 Qc7 6. Nxc6 Qxc6 7. a4 Bd7 8. d3 e6 9. Bf3 Qc7 10. e4 dxe4 11. dxe4 Bc6 12. Nc3 Be7 13. 0-0 Rd8 14. Qe1 0-0 15. e5 Nd5 16. Ne4 Nb4 17. Bd1 Rxd1 18. Nf6+ Bxf6 19. Qxd1 Rd8 20. Qg4 Be7 21. Ra3 Bf8 22. Rh3 Be4 0-1

[Event "Aarhus Chess House Summer IM"]
[Site "Aarhus"]
[Date "2018.07.03"]
[Round "4"]
[White "Skytte, Rasmus"]
[Black "Fredericia, Louise Winther"]
[Result "1-0"]
[WhiteElo "2381"]
[BlackElo "2098"]
[PlyCount "99"]
[EventDate "2018.07.01"]
[EventType "tourn"]
[EventRounds "9"]
[EventCountry "DEN"]
[EventCategory "1"]
[SourceTitle "EXT 2020"]
[Source "ChessBase"]
[SourceDate "2019.10.17"]
[SourceVersion "1"]
[SourceVersionDate "2019.10.17"]
[SourceQuality "1"]

1. d4 f5 2. Nc3 Nf6 3. Bg5 d5 4. Nf3 e6 5. e3 Be7 6. Bd3 0-0 7. 0-0 Ne4 8. Bxe7 Qxe7 9. Ne2 c5 10. c4 dxc4 11. Bxc4 Nd6 12. Bb3 c4 13. Bc2 b5 14. Ng3 Bb7 15. Re1 Nd7 16. Qe2 Nf6 17. Ne5 Rac8 18. Rad1 Nd5 19. Nh5 g6 20. Nf4 g5 21. Nxd5 exd5 22. Qh5 Qg7 23. Nf3 h6 24. Ne5 Bc6 25. f3 Be8 26. Qh3 Rc7 27. Qg3 f4 28. Qh3 Bd7 29. Nxd7 Rxd7 30. exf4 Rxf4 31. Qe6+ Kh8 32. Qxd5 Rf8 33. Qe6 Rf6 34. Qe5 Rf8 35. h3 Qf6 36. Qd5 Re7 37. Re5 Rfe8 38. Qc5 Rc8 39. Qa3 Rce8 40. Qa6 Re6 41. Qxa7 R8e7 42. Qc5 Nf7 43. Rxe6 Qxe6 44. Qxb5 Qe3+ 45. Kh1 Qf2 46. Be4 Qe2 47. Rc1 h5 48. Qxc4 Qxb2 49. Rb1 Qd2 50. Qc5 1-0

[Event "Bronshoj Lang Weekend"]
[Site "Copenhagen"]
[Date "2018.02.17"]
[Round "4"]
[White "Fredericia, Louise Winther"]
[Black "Stojanovski, Sandi"]
[Result "1/2-1/2"]
[WhiteElo "2080"]
[BlackElo "2255"]
[PlyCount "58"]
[EventDate "2018.02.15"]
[EventType "swiss"]
[EventRounds "7"]
[EventCountry "DEN"]
[SourceTitle "CBM 183 Extra"]
[Source "ChessBase"]
[SourceDate "2018.04.19"]
[SourceVersion "1"]
[SourceVersionDate "2018.04.19"]
[SourceQuality "1"]

1. e4 c5 2. Nc3 Nc6 3. Bb5 Nd4 4. Bc4 e6 5. Nge2 Ne7 6. 0-0 d5 7. exd5 exd5 8. Nxd5 b5 9. Nxd4 bxc4 10. Nxe7 Bxe7 11. Qf3 Bg4 12. Qxg4 Qxd4 13. Qe2 Rd8 14. Re1 Rd7 15. a4 0-0 16. Ra3 Bg5 17. Rc3 Re7 18. Qf1 Rxe1 19. Qxe1 Rd8 20. d3 Bxc1 21. Qxc1 cxd3 22. Rxd3 Qf6 23. Qe3 h6 24. h3 Rxd3 25. cxd3 Qxb2 26. Qxc5 Qa1+ 27. Kh2 Qxa4 28. Qc8+ Kh7 29. Qf5+ Kg8 1/2-1/2

[Event "Olympiad Women-42"]
[Site "Baku"]
[Date "2016.09.12"]
[Round "10.3"]
[White "Fredericia, Louise Winther"]
[Black "Ben Said, Safa"]
[Result "1-0"]
[WhiteElo "2117"]
[BlackElo "1563"]
[PlyCount "53"]
[EventDate "2016.09.02"]
[EventType "team-swiss"]
[EventRounds "11"]
[EventCountry "AZE"]
[SourceTitle "CBM 174 Extra"]
[Source "ChessBase"]
[SourceDate "2016.10.10"]
[SourceVersion "1"]
[SourceVersionDate "2016.10.10"]
[SourceQuality "1"]
[WhiteTeam "Denmark (W)"]
[BlackTeam "Tunisia (W)"]
[WhiteTeamCountry "DEN"]
[BlackTeamCountry "TUN"]

1. e4 e6 2. d4 d5 3. Nc3 Bb4 4. Nge2 Ne7 5. a3 Bxc3+ 6. Nxc3 dxe4 7. Nxe4 Nbc6 8. Be3 Nf5 9. Bb5 Qd5 10. Qd3 Nxe3 11. fxe3 Bd7 12. 0-0-0 Ne5 13. Bxd7+ Nxd7 14. Rhf1 f6 15. c4 Qc6 16. Kb1 0-0-0 17. Qc2 Nb6 18. b3 Rhf8 19. Ka2 Kb8 20. Rd2 f5 21. Ng5 h6 22. Nf3 Nd7 23. Rfd1 Nf6 24. d5 exd5 25. Qxf5 Ne4 26. Qxe4 dxe4 27. Rxd8+ 1-0

[Event "Olympiad Women-42"]
[Site "Baku"]
[Date "2016.09.05"]
[Round "4.36"]
[White "Kruk, Karina"]
[Black "Fredericia, Louise Winther"]
[Result "0-1"]
[WhiteElo "1766"]
[BlackElo "2117"]
[PlyCount "68"]
[EventDate "2016.09.02"]
[EventType "team-swiss"]
[EventRounds "11"]
[EventCountry "AZE"]
[SourceTitle "CBM 174 Extra"]
[Source "ChessBase"]
[SourceDate "2016.10.10"]
[SourceVersion "1"]
[SourceVersionDate "2016.10.10"]
[SourceQuality "1"]
[WhiteTeam "Ireland (W)"]
[BlackTeam "Denmark (W)"]
[WhiteTeamCountry "IRL"]
[BlackTeamCountry "DEN"]

1. d4 f5 2. Nf3 e6 3. g3 Nf6 4. Bg2 Be7 5. 0-0 0-0 6. e3 d6 7. b3 Ne4 8. Nfd2 d5 9. c4 Nd7 10. Nxe4 fxe4 11. Ba3 Nf6 12. h3 Bd7 13. Qe2 Be8 14. cxd5 exd5 15. Rc1 Rc8 16. Bxe7 Qxe7 17. Nc3 c6 18. Rc2 h5 19. Rf1 Bd7 20. Qe1 Bf5 21. Ne2 g5 22. Kh1 Kh7 23. Ng1 Qd6 24. Rb2 Rce8 25. b4 a6 26. a4 b5 27. a5 Rf7 28. Rc2 Rg8 29. Rc5 h4 30. g4 Bxg4 31. hxg4 Nxg4 32. f4 exf3 33. Nxf3 Rxf3 34. Qb1+ Kh8 0-1

[Event "Copenhagen Challenge"]
[Site "Ballerup"]
[Date "2016.04.24"]
[Round "9"]
[White "Thuesen, Mogens Henrik"]
[Black "Fredericia, Louise Winther"]
[Result "1-0"]
[WhiteElo "2209"]
[BlackElo "2127"]
[PlyCount "135"]
[EventDate "2016.04.20"]
[EventType "swiss"]
[EventRounds "9"]
[EventCountry "DEN"]
[SourceTitle "CBM 172 Extra"]
[Source "ChessBase"]
[SourceDate "2016.06.21"]
[SourceVersion "1"]
[SourceVersionDate "2016.06.21"]
[SourceQuality "1"]

1. e4 c5 2. Nf3 g6 3. c3 Bg7 4. d4 cxd4 5. cxd4 d5 6. exd5 Nf6 7. Bb5+ Nbd7 8. Nc3 0-0 9. d6 exd6 10. 0-0 a6 11. Bd3 b5 12. Bg5 Bb7 13. a4 b4 14. Ne4 Qa5 15. Ned2 Rfe8 16. Nc4 Bxf3 17. Nxa5 Bxd1 18. Rfxd1 Ne4 19. Be3 d5 20. Rdc1 Ndf6 21. h3 Rec8 22. Rxc8+ Rxc8 23. Rc1 Rxc1+ 24. Bxc1 Nd7 25. Nc6 a5 26. Be3 Nb6 27. b3 f5 28. f3 Nc3 29. Nxa5 Nd1 30. Bd2 Bxd4+ 31. Kf1 Nb2 32. Bb5 Bc3 33. Ke2 d4 34. Nc4 d3+ 35. Ke1 Bd4 36. Nxb6 Bxb6 37. Bxb4 Bd4 38. a5 f4 39. a6 Kf7 40. a7 Bxa7 41. Bc3 Bf2+ 42. Kxf2 Nd1+ 43. Ke1 Nxc3 44. Bc4+ Ke7 45. Kd2 Ne2 46. Bxd3 Nd4 47. Kc3 Nc6 48. Be4 Ne5 49. Kd4 Kd6 50. b4 Nd7 51. Bc2 Nb6 52. Bb3 Kc6 53. Ke4 Kb5 54. Kxf4 Kxb4 55. Be6 Kc5 56. Ke5 h6 57. f4 Na4 58. h4 Nb2 59. Bf7 Nd3+ 60. Ke4 Ne1 61. g3 g5 62. fxg5 hxg5 63. h5 g4 64. h6 Nf3 65. Kf4 Kd6 66. h7 Ne5 67. h8Q Nxf7 68. Qf6+ 1-0

[Event "Copenhagen Challenge"]
[Site "Ballerup"]
[Date "2016.04.21"]
[Round "3"]
[White "Fredericia, Louise Winther"]
[Black "Andersen, Daniel"]
[Result "1-0"]
[WhiteElo "2127"]
[BlackElo "1956"]
[PlyCount "151"]
[EventDate "2016.04.20"]
[EventType "swiss"]
[EventRounds "9"]
[EventCountry "DEN"]
[SourceTitle "CBM 172 Extra"]
[Source "ChessBase"]
[SourceDate "2016.06.21"]
[SourceVersion "1"]
[SourceVersionDate "2016.06.21"]
[SourceQuality "1"]

1. e4 Nf6 2. e5 Nd5 3. d4 d6 4. Nf3 Bg4 5. Be2 Nc6 6. 0-0 e6 7. c4 Nb6 8. exd6 cxd6 9. b3 Be7 10. Bb2 Bf6 11. Nc3 d5 12. c5 Nd7 13. Nb5 Nxc5 14. Ne5 Bxe2 15. Qxe2 a6 16. dxc5 axb5 17. Qxb5 Ra5 18. Qe2 Nxe5 19. b4 Ra4 20. Bxe5 Rxb4 21. Rab1 Rxb1 22. Rxb1 Qd7 23. Bxf6 gxf6 24. Qb2 0-0 25. Qxf6 d4 26. Kf1 Qd5 27. Rd1 Rd8 28. Rd3 e5 29. f3 Re8 30. Qg5+ Kf8 31. Qh6+ Ke7 32. Qxh7 Rc8 33. Qh4+ Kd7 34. Qg4+ Kc7 35. Qe4 Kc6 36. Rd2 Ra8 37. Rb2 Qxe4 38. fxe4 Rg8 39. Rb6+ Kxc5 40. Rxb7 Rg4 41. Rxf7 Rxe4 42. Rd7 Kc4 43. Kf2 Kd3 44. a4 Re2+ 45. Kf1 Ke3 46. Rd5 Kd3 47. h4 Ra2 48. Rxe5 Rxa4 49. Re2 Kc3 50. h5 d3 51. Re1 Rf4+ 52. Kg1 d2 53. Ra1 Kb2 54. Rd1 Kc2 55. Ra1 Rb4 56. Kf2 Rb1 57. Ra2+ Rb2 58. Ra1 d1Q 59. Rxd1 Kxd1+ 60. Kf3 Ke1 61. g4 Rf2+ 62. Kg3 Ke2 63. g5 Ke3 64. h6 Rf1 65. h7 Rh1 66. g6 Rg1+ 67. Kh2 Rxg6 68. h8Q Kf4 69. Qd4+ Kf5 70. Kh3 Re6 71. Kg3 Re4 72. Qd7+ Ke5 73. Kf3 Rf4+ 74. Ke3 Re4+ 75. Kd3 Kf4 76. Qf7+ 1-0

[Event "Copenhagen Bronshoj op"]
[Site "Copenhagen"]
[Date "2016.??.??"]
[Round "7"]
[White "Frank Nielsen, Marie"]
[Black "Fredericia, Louise Winther"]
[Result "0-1"]
[WhiteElo "1968"]
[BlackElo "2093"]
[PlyCount "118"]
[EventDate "2016.02.12"]
[EventType "swiss"]
[EventRounds "7"]
[EventCountry "DEN"]
[SourceTitle "CBM 170 Extra"]
[Source "ChessBase"]
[SourceDate "2016.02.25"]
[SourceVersion "1"]
[SourceVersionDate "2016.02.25"]
[SourceQuality "1"]

1. e4 c5 2. Nf3 g6 3. d4 cxd4 4. Nxd4 Bg7 5. Be2 Nf6 6. Nc3 0-0 7. Be3 Nc6 8. 0-0 d5 9. exd5 Nb4 10. Nb3 Nfxd5 11. Nxd5 Nxd5 12. Bd4 Bxd4 13. Qxd4 e5 14. Qd2 Bf5 15. Rfe1 Nf4 16. Qxd8 Rfxd8 17. Bf3 Rac8 18. c3 Nd3 19. Re2 b6 20. g3 a5 21. Kg2 Re8 22. Bd5 a4 23. Nc1 Rc5 24. Bb7 a3 25. bxa3 Rxc3 26. Nxd3 Bxd3 27. Rb2 Rb8 28. Bd5 Rxa3 29. Rc1 Rd8 30. Bb3 Rd7 31. h4 h5 32. f3 e4 33. Kf2 exf3 34. Kxf3 Ra5 35. Kg2 Be4+ 36. Kh2 Bf5 37. Re2 Kg7 38. Rc6 b5 39. Rc5 Ra8 40. Rxb5 Bd3 41. Rbe5 Bxe2 42. Rxe2 Rad8 43. Kg1 Rd3 44. Rf2 R8d7 45. Ba4 Rc7 46. Kh2 Rcc3 47. Be8 Rf3 48. Rg2 Rfe3 49. Bd7 Ra3 50. Bb5 Kf6 51. Bc4 Rac3 52. Bd5 Ke7 53. a4 Red3 54. Bb7 Ra3 55. Ba6 Rd1 56. Bb5 Kd6 57. Rf2 Raa1 58. Be2 Rd2 59. a5 Raa2 0-1

[Event "Copenhagen Bronshoj op"]
[Site "Copenhagen"]
[Date "2016.??.??"]
[Round "5"]
[White "Fredericia, Louise Winther"]
[Black "Pedersen, Hans Dahl"]
[Result "1/2-1/2"]
[WhiteElo "2093"]
[BlackElo "2190"]
[PlyCount "39"]
[EventDate "2016.02.12"]
[EventType "swiss"]
[EventRounds "7"]
[EventCountry "DEN"]
[SourceTitle "CBM 170 Extra"]
[Source "ChessBase"]
[SourceDate "2016.02.25"]
[SourceVersion "1"]
[SourceVersionDate "2016.02.25"]
[SourceQuality "1"]

1. e4 c5 2. Nc3 Nc6 3. Bb5 g6 4. Bxc6 dxc6 5. d3 Bg7 6. f4 Nf6 7. Nf3 0-0 8. 0-0 Bg4 9. Be3 Nd7 10. Qe1 e5 11. f5 gxf5 12. exf5 Bxf5 13. Nh4 Bg6 14. Nf5 b6 15. Ne4 Nf6 16. Bg5 Bxf5 17. Rxf5 Qd4+ 18. Be3 Qd8 19. Bg5 Qd4+ 20. Be3 1/2-1/2

[Event "Copenhagen Obro New Year op"]
[Site "Copenhagen"]
[Date "2015.12.30"]
[Round "7"]
[White "Frank Nielsen, Marie"]
[Black "Fredericia, Louise Winther"]
[Result "0-1"]
[WhiteElo "1955"]
[BlackElo "2079"]
[PlyCount "110"]
[EventDate "2015.12.27"]
[EventType "swiss"]
[EventRounds "7"]
[EventCountry "DEN"]
[SourceTitle "EXT 2018"]
[Source "ChessBase"]
[SourceDate "2017.10.13"]
[SourceVersion "1"]
[SourceVersionDate "2017.10.13"]
[SourceQuality "1"]

1. e4 c5 2. c3 g6 3. d4 cxd4 4. cxd4 d5 5. e5 Bg7 6. Nc3 Nc6 7. a3 Nh6 8. Nge2 0-0 9. g3 Bg4 10. Bg2 Bxe2 11. Nxe2 Nf5 12. b4 Qb6 13. Be3 a5 14. bxa5 Rxa5 15. 0-0 e6 16. Qd3 Rfa8 17. Rfb1 Qa7 18. Bh3 Nxe3 19. Qxe3 Ra4 20. Rd1 Bf8 21. Bf1 Rxa3 22. Rxa3 Qxa3 23. Rd3 Qa1 24. Nc3 Bb4 25. Nb5 Na5 26. Nd6 Nc4 27. Qf4 Bxd6 28. exd6 Rd8 29. g4 Nxd6 30. Rh3 Ne4 31. Qe3 Rc8 32. Qa3 Rc1 33. Qxa1 Rxa1 34. Kg2 Ra2 35. Rf3 Nd2 36. Rc3 Nxf1 37. Kxf1 Ra8 38. f4 b5 39. Rb3 Rb8 40. f5 gxf5 41. gxf5 Kg7 42. fxe6 fxe6 43. Ke2 b4 44. Ke3 Kf6 45. Kf4 h5 46. h4 Rb7 47. Rb1 b3 48. Rxb3 Rg7 49. Rf3 Rg4+ 50. Ke3+ Kg6 51. Rh3 Re4+ 52. Kd3 Kf5 53. Rf3+ Kg4 54. Re3 Rxe3+ 55. Kxe3 Kg3 0-1